Estudio de flujo y dirección de aguas subterráneas en el Salar de Bellavista
Shranjeno v:
| Main Authors: | , , , , , |
|---|---|
| Format: | Knjiga |
| Jezik: | španščina |
| Izdano: |
Concepción
Universidad de Concepción
1967
|
| Teme: | |
| Oznake: |
Označite
Brez oznak, prvi označite!
|
MARC
| LEADER | 00000nam a2200000 a 4500 | ||
|---|---|---|---|
| 001 | UCK4178 | ||
| 003 | CL-VaPUC | ||
| 008 | 050520e19670000CL |||||||||||||||||spa|d | ||
| 082 | 0 | 4 | |a 553.79 |b REC |2 21 |
| 100 | 0 | |a Recke W., Werner |e author |9 492639 | |
| 700 | 0 | |a Ríos C., Gabriel |e author |9 492640 | |
| 700 | 0 | |a Behrens Le Bas, Harold |e author |9 492641 | |
| 700 | 0 | |a Silva H., Claudio |e author |9 492642 | |
| 700 | 0 | |a Falcón Moreno, Eduardo |e author |9 492643 | |
| 700 | 0 | |a Valenzuela Muñoz, Manuel |e author |9 492644 | |
| 245 | 1 | 0 | |a Estudio de flujo y dirección de aguas subterráneas en el Salar de Bellavista |
| 300 | |a Pág. irreg | ||
| 942 | |c BK | ||
| 945 | |d 20050520 00:00:00 |a jcarroza | ||
| 260 | |a Concepción |b Universidad de Concepción |c 1967 | ||
| 650 | 0 | |a Agua |9 257149 | |
| 650 | 0 | |a Aguas subterráneas |9 260378 | |
| 650 | 0 | |a Geología |9 260984 | |
| 650 | 0 | |a Hidrogeología |9 262905 | |
| 650 | 7 | |a RECURSOS DE AGUA |2 CL-VaPUC |9 261958 | |
| 651 | 7 | |a REGION 01 |2 CL-VaPUC |9 264478 | |
| 651 | 7 | |a SALAR DE BELLAVISTA |2 CL-VaPUC |9 492645 | |
| 583 | |a last modification |c 20050520 00:00:00 |k Rodrigo Vera | ||
| 999 | |c 313128 |d 313126 | ||
| 952 | |0 0 |1 0 |4 0 |6 553_790000000000000_REC_1967 |7 0 |8 A |9 384222 |a BIBING |b BIBING |d 2019-11-22 |i 4030435 |o 553.79 REC 1967 |p 4030435 |r 2025-01-20 |w 2019-11-22 |y BK |k GEO | ||